000 00516nam a2200193Ia 4500
005 20260120131823.0
008 008 260114s9999 xx 000 0 eng d
020 _a9780197721339
037 _aEBOOK
040 _aCRL
_beng
_cCRL
041 _aeng
_2eng
084 _qCRL
100 _aSeuren
_9931589
245 0 _aChomskys Minimalism
260 _bOxford University PressOxford University Press
_c2023
856 _uhttps://academic.oup.com/book/48158
942 _cEBOOK
999 _c1523511
_d1523511